[Event "Quebec Montcalm op 5 2018-19"]
[Site "Quebec"]
[Date "2019.02.14"]
[Round "1"]
[White "Marquis, Paul"]
[Black "Perreault, Jacquelin"]
[Result "1-0"]
[WhiteElo "1980"]
[BlackElo "1730"]
[PlyCount "45"]
[EventDate "2019.02.14"]
[EventType "swiss"]
[EventRounds "5"]
[EventCountry "CAN"]
[SourceTitle "EXT 2022"]
[Source "ChessBase"]
[SourceDate "2021.10.06"]
[SourceVersion "1"]
[SourceVersionDate "2021.10.06"]
[SourceQuality "1"]

1. c4 f5 2. Nc3 Nf6 3. g3 e6 4. Bg2 c6 5. Nf3 d5 6. cxd5 cxd5 7. e3 Nc6 8. 0-0 Bd7 9. a3 Bd6 10. b4 0-0 11. Bb2 Rc8 12. Qb3 Qe8 13. Ne2 a6 14. Nf4 Kh8 15. Rac1 e5 16. Nxd5 Be6 17. Nxf6 Rxf6 18. Qd1 Rh6 19. Ng5 f4 20. Nxe6 Qxe6 21. exf4 exf4 22. d4 Rf8 23. d5 1-0

[Event "Quebec Montcalm op 5 2017-18"]
[Site "Quebec"]
[Date "2018.03.15"]
[Round "5"]
[White "Fecteau, Martin"]
[Black "Perreault, Jacquelin"]
[Result "0-1"]
[WhiteElo "1952"]
[BlackElo "1817"]
[PlyCount "166"]
[EventDate "2018.02.15"]
[EventType "swiss"]
[EventRounds "5"]
[EventCountry "CAN"]
[SourceTitle "EXT 2022"]
[Source "ChessBase"]
[SourceDate "2021.10.06"]
[SourceVersion "1"]
[SourceVersionDate "2021.10.06"]
[SourceQuality "1"]

1. d4 Nf6 2. c4 e6 3. g3 Bb4+ 4. Bd2 Bxd2+ 5. Nxd2 b6 6. Bg2 c6 7. Ngf3 d5 8. 0-0 Bb7 9. Rc1 Nbd7 10. Re1 0-0 11. b4 Qe7 12. Qb3 a5 13. a3 axb4 14. axb4 Ra7 15. Ra1 Rfa8 16. Rxa7 Rxa7 17. c5 Qd8 18. e4 dxe4 19. Nxe4 Nxe4 20. Rxe4 Nf6 21. Re1 Nd5 22. Ne5 b5 23. Bxd5 exd5 24. Qe3 Qe7 25. Qd2 Qc7 26. Nc4 Ra8 27. Nd6 h6 28. Qd3 Rd8 29. Nf5 Bc8 30. Ne7+ Kh8 31. Nxc8 Rxc8 32. Qf5 Kg8 33. Re3 Rd8 34. Kg2 Ra8 35. h4 Qc8 36. Qd3 Ra4 37. Qe2 Qf5 38. g4 Qb1 39. Re8+ Kh7 40. Qf3 Ra1 41. Qf5+ Qxf5 42. gxf5 Rb1 43. Rc8 Rxb4 44. Rxc6 Rxd4 45. Rb6 b4 46. Kf3 Rxh4 47. c6 Rc4 48. Ke3 b3 49. Rxb3 Rxc6 50. Kd4 Rc4+ 51. Kxd5 Rf4 52. Ke5 Rxf2 53. Rb7 f6+ 54. Ke4 h5 55. Rb3 Rg2 56. Kf4 Rg4+ 57. Kf3 Rg5 58. Kf4 g6 59. Rb7+ Kh6 60. fxg6 Kxg6 61. Rb1 Rg4+ 62. Kf3 Kg5 63. Rb8 f5 64. Rg8+ Kf6 65. Rf8+ Kg6 66. Rg8+ Kf7 67. Rh8 h4 68. Rh6 Kg7 69. Ra6 Rg6 70. Ra4 Rh6 71. Kf4 Kg6 72. Ra1 Rh5 73. Ra6+ Kg7 74. Ra7+ Kf6 75. Ra6+ Ke7 76. Rg6 h3 77. Rg1 h2 78. Rh1 Kf6 79. Kg3 Kg5 80. Rxh2 Rxh2 81. Kxh2 Kf4 82. Kg2 Ke3 83. Kf1 Kf3 0-1

[Event "Quebec Montcalm op 3 2017-18"]
[Site "Quebec"]
[Date "2017.12.14"]
[Round "5"]
[White "Perreault, Jacquelin"]
[Black "Cummins, Paul"]
[Result "0-1"]
[WhiteElo "1847"]
[BlackElo "1786"]
[PlyCount "54"]
[EventDate "2017.11.16"]
[EventType "swiss"]
[EventRounds "5"]
[EventCountry "CAN"]
[SourceTitle "EXT 2022"]
[Source "ChessBase"]
[SourceDate "2021.10.06"]
[SourceVersion "1"]
[SourceVersionDate "2021.10.06"]
[SourceQuality "1"]

1. e4 e5 2. Nf3 Nc6 3. Bb5 a6 4. Ba4 Nf6 5. 0-0 b5 6. Bb3 Be7 7. Re1 d5 8. exd5 e4 9. Nc3 exf3 10. dxc6 0-0 11. Qxf3 Re8 12. Nd5 Bg4 13. Nxf6+ Bxf6 14. Rxe8+ Qxe8 15. Qe3 Qxc6 16. h3 Re8 17. Bd5 Qd7 18. Be4 Bd4 19. Qd3 f5 20. c3 Rxe4 21. cxd4 Re1+ 22. Kh2 Bh5 23. b3 Qd6+ 24. g3 Qd5 25. g4 Qh1+ 26. Kg3 fxg4 27. hxg4 Qg1+ 0-1

[Event "Quebec Montcalm op 3 2017-18"]
[Site "Quebec"]
[Date "2017.11.23"]
[Round "2"]
[White "Perreault, Jacquelin"]
[Black "Le Huu, Pascal"]
[Result "1-0"]
[WhiteElo "1847"]
[BlackElo "1243"]
[PlyCount "29"]
[EventDate "2017.11.16"]
[EventType "swiss"]
[EventRounds "5"]
[EventCountry "CAN"]
[SourceTitle "EXT 2022"]
[Source "ChessBase"]
[SourceDate "2021.10.06"]
[SourceVersion "1"]
[SourceVersionDate "2021.10.06"]
[SourceQuality "1"]

1. e4 e5 2. Nf3 Nf6 3. d4 d6 4. dxe5 Nxe4 5. Bc4 Be7 6. Qd5 f5 7. Qf7+ Kd7 8. e6+ Kc6 9. Qxf5 d5 10. Ne5+ Kc5 11. Be3+ Kb4 12. a3+ Ka5 13. b4+ Ka4 14. Qxe4 dxe4 15. Nc3# 1-0

[Event "Quebec Montcalm op 1 2017-18"]
[Site "Quebec"]
[Date "2017.09.28"]
[Round "4"]
[White "Gaulin, Gaetan"]
[Black "Perreault, Jacquelin"]
[Result "0-1"]
[WhiteElo "1969"]
[BlackElo "1798"]
[PlyCount "136"]
[EventDate "2017.09.07"]
[EventType "swiss"]
[EventRounds "5"]
[EventCountry "CAN"]
[SourceTitle "EXT 2022"]
[Source "ChessBase"]
[SourceDate "2021.10.06"]
[SourceVersion "1"]
[SourceVersionDate "2021.10.06"]
[SourceQuality "1"]

1. c4 f5 2. d4 Nf6 3. g3 e6 4. Bg2 Bb4+ 5. Bd2 Bxd2+ 6. Nxd2 0-0 7. Ngf3 b6 8. Ne5 c6 9. 0-0 Bb7 10. Rc1 d6 11. Nd3 Qe7 12. Qb3 Na6 13. Rfe1 c5 14. e3 Bxg2 15. Kxg2 Rae8 16. f3 e5 17. d5 e4 18. Nf4 Nc7 19. fxe4 Nxe4 20. Nxe4 Qxe4+ 21. Kg1 g5 22. Ng2 Re7 23. Qd1 Ne8 24. Qh5 Rg7 25. Rf1 Nf6 26. Qf3 Ng4 27. Qxe4 fxe4 28. Rxf8+ Kxf8 29. Rf1+ Rf7 30. h3 Ne5 31. Rxf7+ Kxf7 32. b3 Nd3 33. Kf1 Nc1 34. Ne1 Nxa2 35. Nc2 Nc1 36. b4 a6 37. bxc5 bxc5 38. Na3 Ke7 39. Nb1 Nd3 40. Nc3 Nb2 41. Nxe4 Nxc4 42. Ke2 h6 43. Nc3 Nb6 44. Kd3 Kf6 45. Ke4 a5 46. Nb5 Ke7 47. Na3 a4 48. Nb5 Nc4 49. Kd3 a3 50. Nc3 Nb6 51. Ke4 Kf6 52. Na2 Na4 53. g4 c4 54. Kd4 c3 55. Nb4 c2 56. Nxc2 a2 57. Na1 Nb2 58. Nc2 Nd1 59. e4 Nf2 60. Ke3 Nxh3 61. Kf3 Ke5 62. Ke3 Nf4 63. Na1 h5 64. gxh5 Nxh5 65. Nb3 g4 66. Na1 Nf4 67. Nc2 g3 68. Kf3 g2 0-1

[Event "Quebec op U2000"]
[Site "Ste Foy"]
[Date "2017.08.19"]
[Round "9.17"]
[White "Perreault, Jacquelin"]
[Black "Liard, Serge"]
[Result "1/2-1/2"]
[WhiteElo "1665"]
[BlackElo "1991"]
[PlyCount "102"]
[EventDate "2017.08.12"]
[EventType "swiss"]
[EventRounds "9"]
[EventCountry "CAN"]
[SourceTitle "EXT 2022"]
[Source "ChessBase"]
[SourceDate "2021.10.06"]
[SourceVersion "1"]
[SourceVersionDate "2021.10.06"]
[SourceQuality "1"]

1. e4 e6 2. d4 d5 3. Nd2 dxe4 4. Nxe4 Nd7 5. Nf3 Ngf6 6. Bg5 h6 7. Nxf6+ Nxf6 8. Bh4 c5 9. Be2 Qb6 10. 0-0 Be7 11. c3 0-0 12. Qc2 Bd7 13. Rad1 Rfd8 14. Ne5 Be8 15. Nc4 Qc7 16. Bg3 Qc8 17. dxc5 Qxc5 18. Rxd8 Rxd8 19. Rd1 Rxd1+ 20. Qxd1 Ne4 21. Qd4 Nxg3 22. hxg3 Qxd4 23. cxd4 b5 24. Ne5 f6 25. Nf3 Bd8 26. g4 Bb6 27. Bd3 Bc6 28. Kf1 b4 29. Ke2 Bxf3+ 30. Kxf3 Bxd4 31. b3 Kf7 32. Bc4 Ke7 33. Ke2 g5 34. f3 Kd6 35. Kd3 Ke5 36. Bxe6 Bb6 37. Bf5 Kf4 38. Ke2 h5 39. Bd7 h4 40. Bc6 Bg1 41. Bd7 Kg3 42. Kf1 Bh2 43. Bc6 Kf4 44. Ke2 a5 45. Be4 Ke5 46. Kd3 Bg1 47. Bb7 f5 48. gxf5 Kxf5 49. Bc6 Bb6 50. Bb7 Kf4 51. Ke2 Ke5 1/2-1/2

[Event "Quebec op U2000"]
[Site "Ste Foy"]
[Date "2017.08.18"]
[Round "8.24"]
[White "Sarra Bournet, Marc"]
[Black "Perreault, Jacquelin"]
[Result "0-1"]
[WhiteElo "1793"]
[BlackElo "1665"]
[PlyCount "64"]
[EventDate "2017.08.12"]
[EventType "swiss"]
[EventRounds "9"]
[EventCountry "CAN"]
[SourceTitle "EXT 2022"]
[Source "ChessBase"]
[SourceDate "2021.10.06"]
[SourceVersion "1"]
[SourceVersionDate "2021.10.06"]
[SourceQuality "1"]

1. e4 c5 2. Nc3 d6 3. f4 Nc6 4. Nf3 e6 5. Bc4 a6 6. d3 g6 7. f5 Bg7 8. 0-0 Nf6 9. Bg5 0-0 10. Qe1 b5 11. Bb3 h6 12. Qh4 hxg5 13. Nxg5 Nh5 14. g4 Bf6 15. fxg6 fxg6 16. gxh5 Bxg5 17. Rxf8+ Kxf8 18. Rf1+ Kg8 19. Qf2 Qe7 20. Nd5 exd5 21. Bxd5+ Be6 22. Bxc6 Rf8 23. Qxf8+ Qxf8 24. Rxf8+ Kxf8 25. hxg6 Kg7 26. Be8 Bxa2 27. Bf7 Bxf7 28. gxf7 Kxf7 29. Kg2 a5 30. d4 a4 31. dxc5 dxc5 32. Kf3 Bf6 0-1

[Event "Quebec Montcalm op 7 2013-14"]
[Site "Quebec"]
[Date "2014.05.22"]
[Round "5"]
[White "Cummins, Paul"]
[Black "Perreault, Jacquelin"]
[Result "1-0"]
[WhiteElo "1801"]
[BlackElo "1728"]
[PlyCount "47"]
[EventDate "2014.04.24"]
[EventType "swiss"]
[EventRounds "5"]
[EventCountry "CAN"]
[SourceTitle "EXT 2022"]
[Source "ChessBase"]
[SourceDate "2021.10.06"]
[SourceVersion "1"]
[SourceVersionDate "2021.10.06"]
[SourceQuality "1"]

1. e4 c5 2. d4 cxd4 3. c3 dxc3 4. Nxc3 d6 5. Bc4 Nf6 6. e5 Qc7 7. Bb5+ Nfd7 8. Nd5 Qd8 9. Bf4 a6 10. exd6 exd6 11. Qe2+ Be7 12. Bxd6 0-0 13. Nxe7+ Kh8 14. Bd3 Re8 15. 0-0-0 Nc6 16. Nxc6 bxc6 17. Qd2 Nf6 18. Ba3 Qd5 19. Kb1 Be6 20. b3 Qxg2 21. Ne2 Qxf2 22. Rdf1 Qb6 23. Bb2 Rad8 24. Rxf6 1-0

[Event "Quebec Montcalm op 7 2013-14"]
[Site "Quebec"]
[Date "2014.05.01"]
[Round "2"]
[White "Perreault, Jacquelin"]
[Black "Dube, Daniel"]
[Result "0-1"]
[WhiteElo "1728"]
[BlackElo "1846"]
[PlyCount "40"]
[EventDate "2014.04.24"]
[EventType "swiss"]
[EventRounds "5"]
[EventCountry "CAN"]
[SourceTitle "EXT 2022"]
[Source "ChessBase"]
[SourceDate "2021.10.06"]
[SourceVersion "1"]
[SourceVersionDate "2021.10.06"]
[SourceQuality "1"]

1. e4 c5 2. Nf3 d6 3. d4 cxd4 4. Nxd4 Nf6 5. Nc3 g6 6. Be3 Bg7 7. Qd2 Nc6 8. Bc4 0-0 9. f3 Bd7 10. 0-0-0 Rc8 11. Bb3 Ne5 12. h4 Nc4 13. Bxc4 Rxc4 14. Kb1 h5 15. Nde2 b5 16. Bg5 b4 17. Nd5 Nxd5 18. Qxd5 Be6 19. Qd2 Qa5 20. Nc1 Rfc8 0-1

[Event "Quebec Montcalm op 7 2009-10"]
[Site "Quebec"]
[Date "2010.05.06"]
[Round "2"]
[White "Marquis, Paul"]
[Black "Perreault, Jacquelin"]
[Result "1-0"]
[WhiteElo "1934"]
[BlackElo "1736"]
[PlyCount "61"]
[EventDate "2010.04.29"]
[EventType "swiss"]
[EventRounds "5"]
[EventCountry "CAN"]
[SourceTitle "EXT 2022"]
[Source "ChessBase"]
[SourceDate "2021.10.06"]
[SourceVersion "1"]
[SourceVersionDate "2021.10.06"]
[SourceQuality "1"]

1. e4 c5 2. Nf3 d6 3. d4 cxd4 4. Nxd4 Nf6 5. Nc3 a6 6. Be2 Nbd7 7. 0-0 b5 8. f4 Bb7 9. Bf3 e5 10. Nf5 Nc5 11. Qe1 g6 12. Ng3 Bg7 13. f5 0-0 14. Bg5 Qc7 15. Bxf6 Bxf6 16. Rd1 Bh4 17. Qe3 Rad8 18. Qh6 Bf6 19. b4 Nb3 20. cxb3 Qxc3 21. Nh5 gxh5 22. Qxf6 Qxb4 23. Bxh5 Qc5+ 24. Kh1 Bxe4 25. Bxf7+ Rxf7 26. Qxd8+ Rf8 27. Qxd6 Qc2 28. Qd2 Qc6 29. f6 Rxf6 30. Rxf6 Qxf6 31. Qd8+ 1-0

[Event "Quebec Montcalm op 4th"]
[Site "Quebec"]
[Date "2007.02.08"]
[Round "5"]
[White "Fortier, Bertrand"]
[Black "Perreault, Jacquelin"]
[Result "0-1"]
[WhiteElo "1662"]
[BlackElo "1825"]
[PlyCount "82"]
[EventDate "2007.01.11"]
[EventType "tourn"]
[EventRounds "5"]
[EventCountry "CAN"]
[SourceTitle "EXT 2008"]
[Source "ChessBase"]
[SourceDate "2007.11.25"]
[SourceVersion "1"]
[SourceVersionDate "2007.11.25"]
[SourceQuality "1"]

1. Nf3 Nf6 2. d4 e6 3. g3 b6 4. Bg2 Bb7 5. 0-0 d5 6. c3 Bd6 7. Re1 0-0 8. Nbd2 Nbd7 9. e4 dxe4 10. Ng5 Qc8 11. Ngxe4 Be7 12. Qe2 c5 13. Nxf6+ Nxf6 14. dxc5 Bxg2 15. Kxg2 Bxc5 16. Ne4 Qc6 17. f3 Nxe4 18. Qxe4 Qxe4 19. Rxe4 Rfd8 20. Bf4 Rd3 21. Rae1 Rad8 22. h4 h5 23. g4 hxg4 24. fxg4 Bd6 25. Bxd6 R8xd6 26. g5 Rd2+ 27. R1e2 g6 28. Kf2 Kf8 29. Rxd2 Rxd2+ 30. Re2 Rxe2+ 31. Kxe2 Ke7 32. Ke3 Kd6 33. Ke4 Kc5 34. b3 b5 35. a3 Kd6 36. Kd4 a6 37. b4 e5+ 38. Ke3 Kd5 39. Kd3 e4+ 40. Ke3 Ke5 41. Ke2 Kf4 0-1

[Event "Quebec Montcalm op 4th"]
[Site "Quebec"]
[Date "2007.01.11"]
[Round "1"]
[White "Perreault, Jacquelin"]
[Black "Monga, Alain"]
[Result "1-0"]
[WhiteElo "1825"]
[BlackElo "1620"]
[PlyCount "35"]
[EventDate "2007.01.11"]
[EventType "tourn"]
[EventRounds "5"]
[EventCountry "CAN"]
[SourceTitle "EXT 2008"]
[Source "ChessBase"]
[SourceDate "2007.11.25"]
[SourceVersion "1"]
[SourceVersionDate "2007.11.25"]
[SourceQuality "1"]

1. e4 c5 2. Nf3 d6 3. d4 cxd4 4. Nxd4 Nf6 5. Nc3 a6 6. Bc4 e6 7. Bb3 Be7 8. 0-0 0-0 9. Qf3 Qc7 10. Re1 Nc6 11. Nxc6 Qxc6 12. Bg5 b5 13. Nd5 Bd8 14. Nxf6+ Bxf6 15. Bxf6 gxf6 16. Qxf6 Re8 17. Re3 Kf8 18. Bd5 1-0

[Event "Quebec Montcalm op 3 2006-07"]
[Site "Quebec"]
[Date "2006.12.06"]
[Round "4"]
[White "Moisan, Francois"]
[Black "Perreault, Jacquelin"]
[Result "0-1"]
[WhiteElo "1788"]
[BlackElo "1824"]
[PlyCount "48"]
[EventDate "2006.11.16"]
[EventType "swiss"]
[EventRounds "5"]
[EventCountry "CAN"]
[SourceTitle "EXT 2022"]
[Source "ChessBase"]
[SourceDate "2021.10.06"]
[SourceVersion "1"]
[SourceVersionDate "2021.10.06"]
[SourceQuality "1"]

1. e4 c5 2. Nf3 d6 3. d4 cxd4 4. Nxd4 Nf6 5. Nc3 a6 6. Be2 Nbd7 7. a4 Nc5 8. f3 e5 9. Nb3 Nxb3 10. cxb3 b6 11. Be3 Be6 12. Nd5 Bxd5 13. exd5 Be7 14. 0-0 0-0 15. Bc4 Nd7 16. Qe2 a5 17. Bb5 Nc5 18. Bc6 Rb8 19. Qc4 Bg5 20. f4 Bf6 21. fxe5 Bxe5 22. Rab1 f5 23. Bd2 Ne4 24. Bc3 Bxc3 0-1

[Event "Quebec Montcalm op 2 2006-07"]
[Site "Quebec"]
[Date "2006.11.02"]
[Round "4"]
[White "Bisson, Real"]
[Black "Perreault, Jacquelin"]
[Result "0-1"]
[WhiteElo "1660"]
[BlackElo "1764"]
[PlyCount "106"]
[EventDate "2006.10.12"]
[EventType "swiss"]
[EventRounds "5"]
[EventCountry "CAN"]
[SourceTitle "EXT 2022"]
[Source "ChessBase"]
[SourceDate "2021.10.06"]
[SourceVersion "1"]
[SourceVersionDate "2021.10.06"]
[SourceQuality "1"]

1. d4 e6 2. Nf3 Nf6 3. Nbd2 d5 4. e3 b6 5. Bd3 Bb7 6. 0-0 Bd6 7. c3 0-0 8. Ne5 c5 9. f4 Nfd7 10. Ndf3 f5 11. Ng5 Qe7 12. Nxh7 Kxh7 13. Qh5+ Kg8 14. Ng6 Qe8 15. Qh8+ Kf7 16. Nxf8 Qxf8 17. Qxf8+ Bxf8 18. Rf3 Nf6 19. h3 Ba6 20. Bc2 Nbd7 21. b3 Ne4 22. Bxe4 dxe4 23. Rf2 Nf6 24. c4 Rd8 25. Bb2 b5 26. Rc1 bxc4 27. bxc4 Nd7 28. g4 Nb6 29. Rfc2 g6 30. g5 Na4 31. Ba1 Bg7 32. h4 cxd4 33. Bxd4 Bxd4 34. exd4 Rxd4 35. c5 Ke7 36. c6 Nb6 37. c7 Kd7 38. Kf2 Rc4 39. Rxc4 Bxc4 40. a4 Ba6 41. Ke3 Nd5+ 42. Kd4 Nxf4 43. Rd1 Kxc7 44. Ke5 Ng2 45. Kxe6 e3 46. Rd7+ Kb6 47. h5 e2 48. Rd6+ Ka5 49. Rd5+ Kxa4 50. Re5 gxh5 51. g6 e1Q 52. Rxe1 Nxe1 53. g7 Bc4+ 0-1

[Event "Quebec Montcalm op 7th"]
[Site "Quebec"]
[Date "2006.05.17"]
[Round "4"]
[White "Hebert, Marc"]
[Black "Perreault, Jacquelin"]
[Result "0-1"]
[WhiteElo "1678"]
[BlackElo "1842"]
[PlyCount "70"]
[EventDate "2006.05.??"]
[EventType "swiss"]
[EventRounds "5"]
[EventCountry "CAN"]
[SourceTitle "EXT 2007"]
[Source "ChessBase"]
[SourceDate "2006.11.23"]
[SourceVersion "1"]
[SourceVersionDate "2006.11.23"]
[SourceQuality "1"]

1. d4 Nf6 2. Nf3 e6 3. e3 b6 4. Bd3 Bb7 5. Nbd2 d5 6. 0-0 c5 7. c3 Bd6 8. Qe2 0-0 9. Ne5 Nfd7 10. f4 f5 11. Ndf3 Nf6 12. Ng5 Qe7 13. Bd2 Nbd7 14. g4 Bxe5 15. gxf5 Ne4 16. dxe5 Nxg5 17. fxg5 Qxg5+ 18. Qg2 Qxg2+ 19. Kxg2 Nxe5 20. Bc2 Nc4 21. Rf2 Nxe3+ 22. Bxe3 d4+ 23. Kg3 dxe3 24. Re2 exf5 25. Kf4 Rae8 26. Rxe3 Rxe3 27. Kxe3 f4+ 28. Kf2 Rd8 29. Re1 Rd2+ 30. Re2 Rxe2+ 31. Kxe2 g5 32. Bf5 Kg7 33. Kd3 h5 34. b4 cxb4 35. cxb4 Kf6 0-1

[Event "Quebec Montcalm op 6th"]
[Site "Quebec"]
[Date "2006.03.30"]
[Round "2"]
[White "Dion, Jean Francois"]
[Black "Perreault, Jacquelin"]
[Result "0-1"]
[WhiteElo "1909"]
[BlackElo "1812"]
[PlyCount "64"]
[EventDate "2006.03.23"]
[EventType "swiss"]
[EventRounds "5"]
[EventCountry "CAN"]
[SourceTitle "EXT 2007"]
[Source "ChessBase"]
[SourceDate "2006.11.23"]
[SourceVersion "1"]
[SourceVersionDate "2006.11.23"]
[SourceQuality "1"]

1. d4 f5 2. Nf3 Nf6 3. Bf4 e6 4. h3 d5 5. e3 c5 6. c3 Be7 7. Nbd2 0-0 8. Be2 Nc6 9. 0-0 c4 10. b3 b5 11. bxc4 bxc4 12. Qc2 Ne4 13. Nxe4 fxe4 14. Nd2 Bd6 15. Bxd6 Qxd6 16. Rfb1 e5 17. Nf1 Qf6 18. Bd1 Qg5 19. Kh1 Rf6 20. Nh2 Rg6 21. g4 Qh4 22. f4 Qxh3 23. f5 Rg5 24. Qf2 h5 25. Be2 hxg4 26. Bf1 g3 27. Bxh3 gxf2 28. Rf1 Bxf5 29. Bg2 exd4 30. cxd4 Nb4 31. Rxf2 Nd3 32. Rd2 Rb8 0-1

[Event "Quebec Montcalm op 4th"]
[Site "Quebec"]
[Date "2006.02.09"]
[Round "5"]
[White "Sauve, Richard"]
[Black "Perreault, Jacquelin"]
[Result "1-0"]
[WhiteElo "1883"]
[BlackElo "1815"]
[PlyCount "61"]
[EventDate "2006.01.12"]
[EventType "swiss"]
[EventRounds "5"]
[EventCountry "CAN"]
[SourceTitle "EXT 2007"]
[Source "ChessBase"]
[SourceDate "2006.11.23"]
[SourceVersion "1"]
[SourceVersionDate "2006.11.23"]
[SourceQuality "1"]

1. d4 Nf6 2. c4 e6 3. Nc3 Bb4 4. Qc2 0-0 5. Bg5 b6 6. a3 Bxc3+ 7. Qxc3 Bb7 8. e3 d6 9. f3 Nbd7 10. Bd3 h6 11. Bh4 c5 12. Ne2 Rc8 13. Qd2 Re8 14. 0-0 Ba6 15. Rac1 d5 16. cxd5 Bxd3 17. Qxd3 exd5 18. Nc3 g5 19. Bf2 c4 20. Qf5 Nf8 21. h4 N8h7 22. hxg5 hxg5 23. e4 dxe4 24. fxe4 Qd7 25. Qxd7 Nxd7 26. Nb5 Rxe4 27. Nd6 Rce8 28. Rxc4 R8e6 29. Nxe4 Rxe4 30. Rc7 Nhf6 31. Rxa7 1-0

[Event "Quebec Montcalm op 3rd"]
[Site "Quebec"]
[Date "2005.12.07"]
[Round "4"]
[White "Perreault, Jacquelin"]
[Black "Marquardt, Christian"]
[Result "1/2-1/2"]
[WhiteElo "1760"]
[BlackElo "2094"]
[PlyCount "44"]
[EventDate "2005.11.17"]
[EventType "swiss"]
[EventRounds "5"]
[EventCountry "CAN"]
[SourceTitle "EXT 2007"]
[Source "ChessBase"]
[SourceDate "2006.11.23"]
[SourceVersion "1"]
[SourceVersionDate "2006.11.23"]
[SourceQuality "1"]

1. e4 c6 2. d4 d5 3. Nd2 dxe4 4. Nxe4 Nf6 5. Nxf6+ exf6 6. Bc4 Qe7+ 7. Qe2 Be6 8. Bxe6 Qxe6 9. Bf4 c5 10. 0-0-0 cxd4 11. Bxb8 Rxb8 12. Rxd4 Bc5 13. Rd2 Ke7 14. Nf3 Rhd8 15. Rhd1 Rxd2 16. Rxd2 Rd8 17. Rd5 g5 18. c4 a5 19. Kc2 h5 20. h3 g4 21. hxg4 hxg4 22. g3 f5 1/2-1/2

[Event "Montreal op"]
[Site "Montreal"]
[Date "2005.07.24"]
[Round "9"]
[White "Morin, Louis"]
[Black "Perreault, Jacquelin"]
[Result "1-0"]
[WhiteElo "1992"]
[BlackElo "1709"]
[PlyCount "135"]
[EventDate "2005.07.15"]
[EventType "swiss"]
[EventRounds "9"]
[EventCountry "CAN"]
[SourceTitle "EXT 2007"]
[Source "ChessBase"]
[SourceDate "2006.11.23"]
[SourceVersion "1"]
[SourceVersionDate "2006.11.23"]
[SourceQuality "1"]

1. e4 c5 2. d4 cxd4 3. c3 d5 4. exd5 Qxd5 5. cxd4 e6 6. Nf3 Nf6 7. Bd3 Be7 8. Nc3 Qd8 9. 0-0 0-0 10. Re1 Nbd7 11. Bg5 h6 12. Bh4 Nb6 13. Rc1 Nbd5 14. Bb1 b6 15. Ne5 Bb7 16. Nxd5 Qxd5 17. f3 g5 18. Bf2 Rfc8 19. Rxc8+ Rxc8 20. Qd3 Kf8 21. b3 Bb4 22. Rd1 Bd6 23. Nxf7 Ng4 24. Nxd6 Nxf2 25. Qg6 Nh3+ 26. gxh3 Qxd6 27. Qxh6+ Ke8 28. Qf6 Bd5 29. Bg6+ Kd7 30. Qf7+ Qe7 31. Qxe7+ Kxe7 32. Be4 Bxe4 33. fxe4 Rc2 34. a4 Rc3 35. d5 exd5 36. Rxd5 Rxb3 37. Rxg5 Ke6 38. Kg2 Rb4 39. Kf3 Rxa4 40. h4 Ra3+ 41. Kf4 Ra2 42. h3 Rf2+ 43. Ke3 Rf7 44. h5 Rh7 45. Kd4 a5 46. Rb5 Rb7 47. h6 Kf7 48. Rg5 Kf6 49. h4 Rh7 50. e5+ Kf7 51. Rf5+ Kg6 52. Rf6+ Kh5 53. Rxb6 Kxh4 54. Kd5 Kg5 55. Kc5 a4 56. Ra6 Rxh6 57. e6 Rh8 58. Kd6 Rd8+ 59. Ke7 Rd4 60. Kf7 Rf4+ 61. Kg7 Re4 62. Ra5+ Kg4 63. Kf7 Rf4+ 64. Ke8 Re4 65. e7 Kf3 66. Kd7 Rd4+ 67. Ke6 Re4+ 68. Re5 1-0

[Event "Quebec Montcalm op 1st"]
[Site "Quebec"]
[Date "2005.??.??"]
[Round "4"]
[White "Auger, Bertrand"]
[Black "Perreault, Jacquelin"]
[Result "1/2-1/2"]
[WhiteElo "2016"]
[BlackElo "1755"]
[PlyCount "95"]
[EventDate "2005.09.25"]
[EventType "swiss"]
[EventRounds "5"]
[EventCountry "CAN"]
[SourceTitle "EXT 2007"]
[Source "ChessBase"]
[SourceDate "2006.11.23"]
[SourceVersion "1"]
[SourceVersionDate "2006.11.23"]
[SourceQuality "1"]

1. Nf3 Nf6 2. g3 b6 3. Bg2 Bb7 4. 0-0 g6 5. c4 c5 6. Nc3 Bg7 7. d4 cxd4 8. Qxd4 h6 9. Qd3 0-0 10. b3 Na6 11. Bb2 d6 12. Rac1 Nc5 13. Qb1 Rc8 14. Rfd1 Qc7 15. Nd5 Nxd5 16. Bxg7 Kxg7 17. cxd5 Qd7 18. Nd4 a5 19. a3 Na6 20. Qb2 Kh7 21. Ne6 fxe6 22. dxe6 Qxe6 23. Bxb7 Rxc1 24. Rxc1 Nc5 25. Bf3 Qxb3 26. Qxb3 Nxb3 27. Rc7 Nd4 28. Rxe7+ Kh8 29. Bd5 Rb8 30. e3 Ne2+ 31. Kf1 Nc3 32. Be4 Nxe4 33. Rxe4 b5 34. Ke2 Kg7 35. Kd2 Kf6 36. Kc3 Rc8+ 37. Kb2 Rc5 38. Re8 Rf5 39. f4 Rh5 40. h4 Rd5 41. g4 Rd2+ 42. Kc3 Ra2 43. Kb3 Rg2 44. g5+ hxg5 45. hxg5+ Kf5 46. Rb8 Ke4 47. Rxb5 Kxe3 48. Rxa5 1/2-1/2

[Event "Quebec Montcalm op 5th"]
[Site "Quebec"]
[Date "2005.??.??"]
[Round "2"]
[White "Caire, Francois"]
[Black "Perreault, Jacquelin"]
[Result "1-0"]
[WhiteElo "2201"]
[BlackElo "1774"]
[PlyCount "101"]
[EventDate "2005.??.??"]
[EventType "swiss"]
[EventRounds "5"]
[EventCountry "CAN"]
[SourceTitle "EXT 2006"]
[Source "ChessBase"]
[SourceDate "2005.11.24"]
[SourceVersion "1"]
[SourceVersionDate "2005.11.24"]
[SourceQuality "1"]

1. d4 Nf6 2. c4 e6 3. Nf3 b6 4. Nc3 Bb4 5. Bg5 Bb7 6. e3 0-0 7. Bd3 d6 8. 0-0 Bxc3 9. bxc3 Nbd7 10. Nd2 c5 11. f4 Qc7 12. Qe2 d5 13. cxd5 exd5 14. Rf3 Rfe8 15. Qf2 Ne4 16. Qh4 f6 17. Rh3 Nf8 18. Nxe4 dxe4 19. Bc4+ Kh8 20. Bxf6 gxf6 21. Rg3 Ng6 22. Rxg6 Rf8 23. Rxf6 cxd4 24. Qh6 Rxf6 25. Qxf6+ Qg7 26. Qxg7+ Kxg7 27. cxd4 Rc8 28. Bb3 Rc3 29. Kf2 Ba6 30. g4 Bd3 31. Re1 b5 32. d5 a5 33. d6 Rc6 34. d7 Rd6 35. Be6 Bc4 36. Bxc4 bxc4 37. Rc1 Rxd7 38. Rxc4 Rd2+ 39. Kg3 Rxa2 40. Rxe4 a4 41. Re7+ Kg8 42. Ra7 a3 43. h4 Ra1 44. g5 a2 45. Kg2 Re1 46. Rxa2 Rxe3 47. Rf2 Kg7 48. Rf3 Re4 49. h5 Kf7 50. Kg3 Re1 51. Kg4 1-0